000 01106cam a22002657a 4500
001 15387856
005 20190404113859.0
008 080730s2008 so a b 000 0 eng
010 _a 2008349918
040 _aDLC
_cDLC
_dDLC
042 _alcode
043 _af-so---
050 0 0 _aHQ1795
_b.K56 2008
100 1 _aKinyanjui, Mary.
245 1 4 _aThe second assessment of the socio-economic status of women in Somaliland /
_cby Mary Kinyanjui.
260 _aHargeisa, Somaliland :
_bNagaad Umbrella Organisation,
_cc2008.
300 _a50 p. :
_bcol. ill. ;
_c25 cm.
504 _aIncludes bibliographical references (p. 50).
650 0 _aWomen
_zSomaliland (Secessionist government, 1991- )
_xSocial conditions.
650 0 _aWomen
_zSomaliland (Secessionist government, 1991- )
_xEconomic conditions.
856 4 1 _3Table of contents only
_uhttp://www.loc.gov/catdir/toc/fy1002/2008349918.html
906 _a7
_bcbc
_corigode
_d3
_encip
_f20
_gy-gencatlg
942 _2lcc
_cBK
999 _c46386
_d46386